Rovnovážna úroková miera - teoretické koncepty a aplikácie

Prezentácia viacerých konceptov rovnovážnej reálnej úrokovej miery. Aplikácia a posudzovanie vplyvu zavedenia eura na túto problematiku. Prezentácia výpočtov neutrálnej reálnej úrokovej miery pre SR i pre eurozónu, ako aj aproximácia dlhodobej rovnovážnej úrokovej miery. Neutrálna úroková miera je u...

Descrizione completa

Salvato in:
Dettagli Bibliografici
Autore principale: Benčík, Michal
Natura: Capitolo di libro
Lingua:slovacco
Soggetti:
Tags: Aggiungi Tag
Nessun Tag, puoi essere il primo ad aggiungerne!!

MARC

LEADER 00000naa$a2200000$$$4500
001 0092716
005 20231116085315.5
041 0 |a slo 
044 |a SK 
245 1 0 |a Rovnovážna úroková miera - teoretické koncepty a aplikácie  |c Michal Benčík 
520 |a Prezentácia viacerých konceptov rovnovážnej reálnej úrokovej miery. Aplikácia a posudzovanie vplyvu zavedenia eura na túto problematiku. Prezentácia výpočtov neutrálnej reálnej úrokovej miery pre SR i pre eurozónu, ako aj aproximácia dlhodobej rovnovážnej úrokovej miery. Neutrálna úroková miera je určená IS krivkou a Philipsovou krivkou. 
610 2 0 |a miera úroková 
610 2 0 |a Slovensko 
610 2 0 |a Phillipsova krivka 
610 2 0 |a euro 
610 2 0 |a sadzby úrokové 
610 2 0 |a eurozóna 
100 1 |a Benčík, Michal